000 01047 a2200241 4500
001 58936
005 20260407155843.0
008 260407a1970 arg spa d
003 AR-UNSa-BCEJYS
040 _aAR-UNSa-BCEJYS
_bspa
_cAR-UNSa-BCEJYS
080 _a336.226
_xTipos de impuestos. Impuestos directos e indirectos
245 1 0 _aImpuesto municipal a las actividades lucrativas
_pconvenios multilaterales para evitar la doble imposición
250 _a2a. ed.
264 1 _aBuenos Aires :
_bCangallo
_c1970
300 _a903 p.
_c23 cm.
505 _a1. Evolución de las ordenanzas fiscales y tarifarias correspondientes a los años 1949 a 1968 – 2. Textos de las ordenanzas fiscales y tarifarias años 1949 a 1968 – 3. Disposiciones complementarias – 4. Convenios multilaterales – 5. Jurisprudencia – 6. Tablas de alícuotas – 7. Formularios
041 _aspa
942 _cBK
590 _aniveau_biblio:m niveau_hierar:0
100 1 _aGarcia, Ricardo
700 1 _aFratalocchi, Aldo
700 1 _aAmigo, Rubén Oscar
999 _c6521
_d6521